000 00225nam a2200097 a 4500
005 20200930063149.0
008 110701s2004 000 spa d
245 0 _aRepública Dominicana.
260 _c[s.f.].
999 _c31258
_d31258
040 _aDO-SdBNP